LEADER 01217nam a2200241 i 4500 001 000000006643 003 CaOOAMICUS 005 20180830125438.0 008 180830s1998 it d u000 u ita u 040 $aSeMil$bita 245 10$aDizionario enciclopedico del Medioevo /$cdirezione di André Vauchez ; con la collaborazione di Catherine Vincent. 260 $aCambridge :$bJames Clarke & Co. Ltd :$bCittà Nuova,$c1998-1999. 260 $aParis :$bLes Éditions du Cerf,$c1998-1999. 650 4$aStoria medievale - Enciclopedie e dizionari.$0(OLS)http://semarc/subject/1027 700 1 $aVauchez, André,$d<1938- >.$0(OLS)http://semarc/name/1418 700 1 $aLeonardi, Claudio,$d<1926-2010>.$0(OLS)http://semarc/name/70 700 1 $aVincent, Catherine.$0(OLS)http://semarc/name/3477 774 0 $tA-E.$z88-311-9244-2$gVolume1$w()62151 774 0 $tF-O.$z88-311-9247-7$gVolume2$w()103176 774 0 $tP-Z.$z88-311-9251-5$gVolume3$w()103177 996 $6245$aDizionario enciclopedico del Medioevo$9(OLS)http://semarc/title/8863 996 $6260$aParis :$bLes Éditions du Cerf$9(OLS)http://semarc/publisher/29611 996 $6260$aCambridge :$bJames Clarke & Co. Ltd :$bCittà Nuova$9(OLS)http://semarc/publisher/55811 LEADER 01736nam a2200325 i 4500 001 000000108547 003 CaOOAMICUS 005 20091113000000.0 008 091113s2002 it u000 u ita u 013 $a81227 020 $a88-209-7324-3 040 $aSeMil$bita 240 14$aThe resurrection : an interdisciplinary symposium on the resurrection of Jesus.$0(OLS)http://semarc/title/157441 245 13$aLa risurrezione :$bun simposio interdisciplinare sulla risurrezione di Gesù /$cStephen T. Davis, Daniel Kendall, Gerald O'Collins (a cura di) 260 $aCittà del Vaticano :$bLibreria Editrice Vaticana,$c2002. 300 $a371 p. ;$c24 cm. 650 4$aGesù Cristo - Risurrezione.$0(OLS)http://semarc/subject/5599 650 4$aBibbia. Nuovo Testamento. Vangeli.$0(OLS)http://semarc/subject/273 650 4$aGesù Cristo - Storicità.$0(OLS)http://semarc/subject/4538 650 4$aCristologia - Atti di congressi.$0(OLS)http://semarc/subject/3731 700 1 $aSymposium "The resurrection" <1996 ; Dunwoodie>.$0(OLS)http://semarc/name/38101 700 1 $aKendall, Daniel.$0(OLS)http://semarc/name/38103 700 1 $aDavis, Stephen T.$0(OLS)http://semarc/name/38102 700 1 $aO'Collins, Gerald,$c.$0(OLS)http://semarc/name/90325 850 $aSeMil 852 $aSeMil$W1$xVenegono$y1$m2B V 271$j64633$B64633$CSeMilBibl$Z2$F72386 $81 961 $aOmaggio per recensione: Scuola Cattolica 996 $6020$a88-209-7324-3$9(OLS)http://semarc/number/89515 996 $6245$aLa risurrezione :$bun simposio interdisciplinare sulla risurrezione di Gesù$9(OLS)http://semarc/title/157440 996 $6260$aCittà del Vaticano :$bLibreria Editrice Vaticana$9(OLS)http://semarc/publisher/29734